000 00632nam a2200241Ia 4500
003 OSt
005 20220928121110.0
006 a|||||r|||| 00| 0
007 ta
008 220927b |||||||| |||| 00| 0 eng d
024 _a311
037 _cTextual
040 _aSDCL
_cSDCL
_beng
041 _2eng
_aeng
082 _aXM8:6, P6
100 _aTirole Jean
_9451568
245 0 _aTheory of corporate finance.
260 _aPrinceton
_bPrinceton University Press
_c2006
300 _axii,644p.
_ccm.
650 _aCorporate Finance
942 _hXM8:6, P6
_cTEXL
_2CC
999 _c765617
_d765617